LDR 00635nam a2200181 i 4500 001 000000103071 003 CaOOAMICUS 005 20260407161236.0 008 010914s1962 it u000 u ita u 040 $aSeMil$bita 245 10$a2: Balc-Cerr. 300 $a1004 p. 773 0 $aBattaglia, Salvatore <1904-1971>$tGrande dizionario della lingua italiana.$dTorino : UTET, 1961-2009.$g2$w()6614 850 $aSeMil 852 $aSeMil$W1$xVenegono$y1$mSL1.A V 2$j269807$B59532$CSeMilBibl$Z2$F44020 $8I 961 $aOmaggio: Biblioteca Seminario Masnago 996 $6245$a2: Balc-Cerr$9(OLS)http://semarc/title/149808